|
|
|
|
| LEADER |
00000cam a2200000 7i4500 |
| 001 |
0000052377 |
| 005 |
20220105105349.0 |
| 008 |
150927 |
| 020 |
|
|
|a 9838981443 (set)
|
| 020 |
|
|
|a 9838981508
|
| 090 |
0 |
0 |
|a CT
|b MAL
|
| 100 |
1 |
|
|a Z.Leman
|
| 245 |
0 |
0 |
|a Gadis penyayang
|c Z.Leman
|
| 260 |
|
|
|a Melaka :
|b Pustaka Ilham ,
|c 1997
|
| 300 |
|
|
|a 39pg.
|
| 490 |
1 |
|
|a Siri cerita rakyat
|
| 500 |
|
|
|a Children ages 7-9 years old (orange)
|
| 650 |
|
0 |
|a Children's stories, Malay
|
| 650 |
|
0 |
|a Classic tales
|
| 999 |
|
|
|a 0000795881
|b Book
|c Children Collection
|e Cawangan Segamat
|
| 999 |
|
|
|a 0000799001
|b Book
|c Children Collection
|e Cawangan Pontian
|
| 999 |
|
|
|a 0000810735
|b Book
|c Children Collection
|e Cawangan Bandar Penawar
|
| 999 |
|
|
|a 0000922166
|b Book
|c Children Collection
|e Cawangan Bukit Gambir
|
| 999 |
|
|
|a 0000922167
|b Book
|c Children Collection
|e Cawangan Bukit Gambir
|
| 999 |
|
|
|a 0000922168
|b Book
|c Children Collection
|e Cawangan Bukit Gambir
|
| 999 |
|
|
|a 0000929828
|b Book
|c Children Collection
|e Cawangan Tangkak
|
| 999 |
|
|
|a 0000929829
|b Book
|c Children Collection
|e Cawangan Tangkak
|
| 999 |
|
|
|a 0000929830
|b Book
|c Children Collection
|e Cawangan Tangkak
|